Statistics for Famous Music Record Labels

Click here to take the quiz!

General Stats

  • This quiz has been taken 124 times
    (26 since last reset)
  • The average score is 6 of 15

Answer Stats

FoundedNotable ArtistsRecord Label% Correct
1960Michael Jackson, Marvin Gaye, Stevie WonderMotown
86%
1968George Harrison, The BeatlesApple Corps
67%
19922Pac, Dr. Dre, Snoop Doggy DoggDeath Row
57%
1931Beatles, Pink Floyd, QueenEMI
48%
1900Kenny Rogers, Lou Reed, Dave Matthews, NSYNCRCA
43%
1972Sex Pistols, Smashing Pumpkins, Blur, Spice GirlsVirgin
43%
1889Bob Dylan, Simon & Garfunkel, Bruce SpringsteenColumbia
38%
1959Bob Marley, U2, The Killers, PJ HarveyIsland
38%
1986Nirvana, Soundgarden, The Postal Service, Fleet FoxesSub Pop
38%
1947Aretha Franklin, Otis Redding, Led Zeppelin, ColdplayAtlantic
33%
1984Public Enemy, Kanye West, LL Cool J, Jay-ZDef Jam
33%
1961Otis Redding, Booker T and the M.G.s, Isaac HayesStax
33%
1952Elvis Presley, Jerry Lee Lewis, Johnny Cash, Roy OrbisonSun
33%
1939Thelonious Monk, John Coltrane, Art BlakeyBlue Note
24%
1980Cocteau Twins, Dead Can Dance, Pixies, The National4AD
14%

Score Distribution

Percentile by Number Answered

Percent of People with Each Score

Your Score History

You have not taken this quiz since the last reset